| 000 | 00510cam a2200193ua 4500 | ||
|---|---|---|---|
| 001 | 3517 | ||
| 008 | 111116n ii |||gr||||Z||||||asm | ||
| 020 | _a81-7665-285-7 | ||
| 040 | _cMAIN | ||
| 082 | _a920 | ||
| 100 |
_aThakur, Nagen, _eEditor., |
||
| 245 | 1 | 1 |
_aNirjanatar pora kolahaloloi _ced. by Nagen Thakur |
| 250 | _a1st. | ||
| 260 |
_aGuwahati: _bStudents stores, _c2006. |
||
| 300 |
_a256p: _c23cm. |
||
| 653 | _aAutobiography | ||
| 653 | _aAutobiography of Nirjanatar pora kolahaloloi | ||
| 942 | _cBK | ||
| 999 |
_c3358 _d3358 |
||